Educación sexual en la familia y en la escuela : enfoque comprensivo y actualizado /

Guardado en:
Detalles Bibliográficos
Autor principal: Segú, Héctor F. (autor)
Formato: Libro
Idioma:Español
Publicado: Buenos Aires, Argentina : Lumen-Humanitas, 1996, c1996
Edición:3a edición
Temas:
Etiquetas: Agrega una etiqueta
Sin etiquetas, Sé el primero en etiquetar este registro!

MARC

LEADER 00000nam^a2200000^a^4500
001 000050998
005 20250521000000.0
009 20260310090304.498
020 |a 950-724-565-0 
037 |a Acervo ITESO - Biblioteca 
041 |a ESP 
082 |a 372. 372  |b SEG 
100 |a Segú, Héctor F.  |e (autor) 
245 1 0 |a Educación sexual en la familia y en la escuela :  |b enfoque comprensivo y actualizado /  |c H.F. Segú ; pról. de Andrés Flores Colombino. 
250 |a 3a edición  |b aumentada 
264 4 |a Buenos Aires, Argentina :  |b Lumen-Humanitas,  |c 1996, c1996 
300 |a 226 p. 
336 |a texto  |b txt  |2 rdacontenido 
337 |a sin mediación  |b n  |2 rdamedio 
338 |a volumen  |b nc  |2 rdasoporte 
649 |a XX 
650 |a Sexualidad -  |x Estudio y Enseñanza 
650 |a Educación Sexual 
650 |a Educación Primaria 
650 |a Educación Familiar 
650 |a Amor 
910 |a Fondo General 
920 |a Impresos - Libros 
930 |a Colección General 
905 |a 101 
901 |a 0500007984  |b IT1  |c ACC  |u 20250521 
902 |a https://opac.biblio.iteso.mx/vufind/Record/000050998